Urban sociology : a human ecological perspective /

Bibliographic Details
Main Author: Schwab, William A.
Format: Book
Language:English
Published: Reading, Mass. : Addison-Wesley, [1982]
Subjects:

MARC

Tag First Indicator Second Indicator Subfields
LEADER 00000pam a2200000 a 4500
001 in00000087023
005 20151008064703.0
008 810310s1982 mauab b 00110 eng
010 |a  81005006  
020 |a 0201065665 :  |c $16.95 
035 |a (OCoLC)07271866 
035 |9 AAK4626AM 
039 0 |a 2  |b 3  |c 3  |d 3  |e 3 
040 |a DLC  |c DLC  |d TXA  |d UtOrBLW 
049 |a TXAM  |c [1442849] 
050 0 0 |a HT111  |b .S315 
082 0 |a 307.7/6  |2 19 
100 1 |a Schwab, William A. 
245 1 0 |a Urban sociology :  |b a human ecological perspective /  |c William A. Schwab. 
264 1 |a Reading, Mass. :  |b Addison-Wesley,  |c [1982] 
264 4 |c ©1982 
300 |a xvi, 560 pages :  |b illustrations, maps ;  |c 24 cm. 
336 |a text  |b txt  |2 rdacontent 
337 |a unmediated  |b n  |2 rdamedia 
338 |a volume  |b nc  |2 rdacarrier 
500 |a Includes indexes. 
504 |a Bibliography: pages 511-536. 
650 0 |a Sociology, Urban. 
650 0 |a Urbanization. 
999 |a MARS 
999 f f |s 7db6d7e8-133b-35d4-9db5-a71135e34abe  |i 01631c9b-0ed3-3799-8397-c94aaa774c62  |t 0 
952 f f |p ric  |a Texas A&M University  |b Rellis Campus  |c Joint Library Facility  |d Remote Storage  |t 0  |e HT111 .S315  |h Library of Congress classification  |i unmediated -- volume  |m A14806144257 
998 f f |a HT111 .S315  |t 0  |l Remote Storage